Municípios da Região Metropolitana de Maceió (AL) no mapa - Statistics

Estatísticas Gerais
  • Esse quiz foi jogado 56 vezes
  • A pontuação média é 8 de 13
Respostas no mapa
Respostas codificadas por cores de uma escala verde-vermelha no mapa do quiz de acordo com a % correta abaixo.
 
Estatísticas das Respostas
Município % Correto
Maceió
98%
Marechal Deodoro
81%
Rio Largo
79%
Barra de São Miguel
67%
Satuba
62%
Paripueira
60%
Atalaia
57%
Barra de Santo Antônio
57%
Pilar
57%
Murici
50%
Coqueiro Seco
48%
Messias
48%
Santa Luzia do Norte
48%
Nenhum quiz correspondente encontrado
Distribuição das Pontuações
Porcentagem de Pessoas com Cada Pontuação
Percentil de Números Respondidos
Sua Pontuação Histórica
Você não jogou esse quiz